Представление документа в формате RUSMARC

ПолеНазваниеЗначение
  Тип записи a
  Библиографический уровень m
001 Контрольный номер e5e150575f9441feb23f84452f8c4127
005 Дата корректировки 20250805144424.2
010 Индекс ISBN __
a ISBN 978-5-17-063287-9
b Уточнения в пер.
100 Данные общей обработки __
a Данные общей обработки 20250623d 0rusy0189## ca
101 Язык документа 0_
a Язык текста rus
102 Страна публикации __
a Страна публикации RU
200 Заглавие и сведения об ответственности 1_
a Заглавие Тихий Дон
h Номер части В 2 т. Т. 2
f Первые сведения об ответственности Михаил Александрович Шолохов
e Сведения, относящиеся к заглавию [роман]
210 Выходные данные 1_
a Место издания Москва
c Издательство АСТ
d Дата издания 2024
215 Физическое описание __
a Объем 796, [4] с.
225 Серия 2_
a Серия Русская классика
333 Примечание о целевом назначении __
a Примечание о целевом назначении 16+
606 Тематические рубрики 0_
a Основная рубрика Русская литература, 20 в.
610 Ключевые слова 0_
a Ключевые слова романы советских писателей; Гражданская война (х. л.); донские казаки (х. л.); казаки (х. л.); казачество (х. л.); Первая мировая война (х. л.); становление Советской власти (х. л.); любовь (х. л.); экранизированные произведения
686 Индексы других классификаций __
a Классификационный индекс Р2
700 Автор _1
a Фамилия Шолохов
b Имя (инициалы) М. А.
g Полное личное имя Михаил Александрович
801 Источник записи _0
a Страна RU
b Организация УОБДЮ
c Дата составления 20250623
g Правила каталогизации RCR
801 Источник записи _1
a Страна RU
b Организация УОБДЮ
c Дата составления 20250623
g Правила каталогизации RCR
830 Общее примечание каталогизатора __
a Текст примечания Ю
852 Данные о местонахождении __
i Авторский знак Ш 78
j Шифр хранения Р2
900 Электронные ресурсы __
a Имя электронного ресурса 591292
901 Тип документа __
t Тип документа m
905 Данные по созданию БЗ __
b Логин пользователя, который создал БЗ imm
b Логин пользователя, который создал БЗ o8
a Дата создания БЗ 202508
909 Создатель записи __
b Дата создания записи 20250623